| 000 | 00836nam0a22002531 4500 | ||
|---|---|---|---|
| 001 | rc\3317723 | ||
| 005 | 20260407080658.0 | ||
| 021 |
_aRU _bРг1524-72 |
||
| 035 | _a(NLR Aleph) 007418120 | ||
| 090 |
_a6886976 _c6886976 |
||
| 100 | _a20130115d1971 |||y0rusy50 ca | ||
| 101 | 0 | _arus | |
| 102 | _aRU | ||
| 105 | _aa b ||||| | ||
| 200 | 1 |
_aИзоляторы опорно-штыревые высоковольтные для наружных установок _e[Каталог] |
|
| 210 |
_aМосква _cБ. и. _d[1971] |
||
| 215 |
_a4 с. _cчерт. _d30 |
||
| 225 | 1 |
_aИнформэлектро _v20.02.11-71 |
|
| 712 | 0 | 2 |
_4475 _aВНИИ электромеханики _9284356 _3RU\NLR\AUTH\886279 |
| 801 | 0 |
_aRU _bNLR _gpsbo |
|
| 801 | 1 |
_aRU _bELAR _2rusmarc |
|
| 852 |
_aNLR _jПт 20/1-20.02.11-71 |
||
| 942 | _cBOOK | ||
| 980 | _aNB | ||